000 00466nam a2200181Ia 4500
008 090124s9999 xx 000 0 und d
082 _b45097
100 _aमीरा
245 _a झेन अथांग सागर
250 _a1
260 _c2006
300 _a96
600 _aमीरा
630 _a झेन अथांग सागर
700 _aमीरा
730 _a झेन अथांग सागर
942 _cBOOK
999 _c111316
_d111316